• 首页
  • 本馆介绍
  • 公告通知
  • 最新文献
  • 馆藏检索
  • 电子资源
  • 读者导购
  • 参考咨询
  • 我的图书馆
  • 登录
  • 详细信息显示
  • 放入我的书架
  • 预约/预借图书
  • 作者相关作品
  • 分类相关作品
  • 丛书相关作品
  • 出版社相关作品

书目信息

  • 表格格式
  • 工作单格式
  • 卡片格式
题名:
中国象棋大赛中局选评
    
 
作者: 金启昌 编著
分册:  
出版信息: 天津   南开大学出版社  1989.02
页数: 280页
开本: 19cm
丛书名:
单 册:
中图分类: G891.2
科图分类:
主题词: 文娱性体育活动
电子资源:
ISBN: 7-310-00161-3
000 00584nam0 2200193 45
001 0405091093
005 20040509101701.5
010    @a7-310-00161-3@dCNY3.55
100    @a20040509d1989 km y0chiy0120 ea
101 0  @achi
105    @a z 000yy
200 1  @a中国象棋大赛中局选评@AZhong Guo Xiang Qi Da Sai Zhong Ju Xuan Ping@f金启昌编著@FJin Qi Chang Bian Zhu
210    @a天津@c南开大学出版社@d1989.02
215    @a280页@d19cm
606 0  @a文娱性体育活动
690    @aG891.2@v3
701  0 @a金启昌@4编著
801    @aCN@bTSTCL@c20040509
905    @f1@b246060@dG891.2@e123@b246063@f1
    
    中国象棋大赛中局选评/金启昌编著.-天津:南开大学出版社,1989.02
    280页;19cm
    
    
    ISBN 7-310-00161-3:CNY3.55
    
●
相关链接 在E读中查询图书 在五车中查询图书 在当当中查询图书 在豆瓣中查询图书


正题名:中国象棋大赛中局选评     索取号:G891.2/123         预约/预借

序号 登录号 条形码 馆藏地/架位号 状态 备注
1 0246060   000306127   密集书库/ [索取号:G891.2/123] 在馆    
2 0246063   000306092   密集书库/ [索取号:G891.2/123] 在馆    
3 0246064   000306056   第一样本阅览室/ [索取号:G891.2/123] 在馆    
唐山师范学院图书馆 欢迎您!
大连网信软件有限公司© 版权所有